| 000 | 00875nam a22002537a 4500 | ||
|---|---|---|---|
| 003 | KOHA_MİRAKIL | ||
| 005 | 20260416062947.0 | ||
| 008 | 260415b tu ||||| |||| 00| 0 tur d | ||
| 020 | _a9789755330327 | ||
| 040 |
_aTR-AnABB _btur _cTR-AnABB |
||
| 041 | _atur | ||
| 082 |
_a306.09 _bFOU 2013 |
||
| 100 | 1 | _aMichel, Foucault | |
| 245 | 1 | 0 |
_aHapishane'nin doğuşu : _bgözetim altında tutmak ve cezalandırmak / _cFoucault Michel ; Türkçesi: Mehmet Ali Kılıçbay |
| 250 | _a8. baskı | ||
| 260 |
_aAnkara : _bİmge Kitabevi yayınları, _c2019 |
||
| 300 |
_a445 sayfa : _c20 cm |
||
| 500 | _aÖzgün eser adı: Surveiller et punir: naissance de la prison | ||
| 650 | 0 | 4 | _aHapishaneler, Sosyolojik yönler |
| 650 | 0 | 4 | _aEtnoloji |
| 700 | 1 |
_aKılıçbay, Mehmet Ali, _eçeviren _93473 |
|
| 900 | _bCan ÇELIK | ||
| 942 |
_2ddc _cBK |
||
| 999 |
_c10271 _d10271 |
||